Statistics for USA Top 10 Geography #2

Click here to take the quiz!

General Stats

  • This quiz has been taken 365 times
  • The average score is 82 of 129

Answer Stats

HintAnswer% Correct
1)no hints!Rhode Island
98%
8)Rhode Island
98%
1)668'000Seattle
94%
7)WashingtonSeattle
94%
2)Washington (47.62°N )Seattle
94%
5)27'718'000John F. Kennedy (JFK)
93%
10)New Hampshire
92%
5)New Hampshire
92%
7)54'555New York
92%
1)New YorkNew York City
92%
6)Vermont
92%
2)Vermont
92%
9)Maine
90%
2)Delaware
89%
6)Delaware
89%
1)no hints!Wyoming
89%
4)31'590'000Dallas/Fort Worth (DFW)
87%
8)Hawaii
87%
1)672'000 (--)Washington, DC
87%
4)932'000Austin
86%
1)932'000Austin
86%
3)1'300'000Dallas
86%
9)Massachusetts (42.33°N )Boston
85%
8)MassachusettsBoston
85%
1)2'296'000Houston
85%
3)TexasHouston
85%
9)Texas (29.78°N )Houston
85%
2)36'351'000Los Angeles Intl. (LAX)
85%
6)CaliforniaSan Francisco
85%
3)Alaska
84%
3)Connecticut
84%
1)49'340'000Hartsfield-Atlanta (ATL)
84%
4)North Dakota
84%
5)South Dakota
84%
2)CaliforniaLos Angeles
83%
2)Florida (25.78°N )Miami
83%
7)Montana
83%
7)24'191'000San Francisco Intl. (SFO)
83%
4)New Jersey
82%
3)36'606'000O'Hare Intl. (ORD)
82%
4)CaliforniaSan Diego
82%
1)Hawaii (21.33°N )Honolulu
81%
9)Maryland
81%
8)21'351'000Miami Intl. (MIA)
81%
3)65'758Florida
80%
5)59'425Georgia
80%
7)Massachusetts
80%
8)Michigan (42.38°N )Detroit
79%
1)-5.14% (MI)Detroit
79%
10)Louisiana (30.07°N )New Orleans
79%
10)Illinois (41.84°N )Chicago
78%
8)53'819North Carolina
77%
2)1'470'000San Antonio
77%
8)Texas (29.47°N )San Antonio
77%
9)52'420Alabama
76%
10)West Virginia
76%
3)Oregon (45.54°N )Portland
75%
9)MarylandBaltimore
73%
7)299'000Anchorage
72%
1)Alaska (61.22°N )Anchorage
72%
3)464'000Atlanta
70%
10)48'432Mississippi
70%
6)Florida (27.97°N )Tampa
70%
5)-1.24% (NY)Buffalo
69%
7)New York (42.89°N )Buffalo
69%
1)96'714Michigan
69%
7)Florida (28.42°N )Orlando
69%
6)126'000Kent
68%
5)FloridaJacksonville
67%
4)Minnesota (44.96°N )Minneapolis
67%
5)833'000Fort Worth
66%
6)681'000El Paso
65%
6)31'000Juneau
65%
6)57'914Illinois
64%
5)Minnesota (44.95°N )St. Paul
64%
4)-2.20% (OH)Cleveland
63%
4)65'496Wisconsin
63%
6)Wisconsin (43.06°N )Milwaukee
62%
3)19'000Augusta
60%
1)8'000Montpelier
59%
9)-0.39% (LA)Baton Rouge
58%
2)14'000Pierre
58%
8)-0.43% (PA)Pittsburgh
57%
2)390'000 (KS)Wichita
57%
8)38'000Annapolis
56%
6)-1.13% (MO)St. Louis
56%
5)28'000Helena
54%
9)43'000Concord
53%
6)26'280'000Denver Intl. (DEN)
53%
2)212'000Spokane
52%
3)205'000Tacoma
52%
7)36'000Dover
51%
4)Texas (27.75°N )Corpus Christi
50%
8)324'000Corpus Christi
50%
3)-2.51% (AL)Montgomery
50%
10)43'000Jefferson City
46%
7)132'000 (TX)Waco
45%
4)26'000Frankfort
44%
2)559'000Albuquerque
43%
6)351'000Anaheim
43%
7)388'000Arlington
43%
4)388'000Arlington
43%
8)116'000 (NC)Wilmington
42%
2)-2.58% (OH)Toledo
40%
10)-0.36% (NY)Rochester
38%
9)199'000Amarillo
37%
10)CaliforniaLong Beach
35%
10)21'824'000McCarran Intl. (LAS)
35%
10)198'000Akron
33%
9)21'913'000Charlotte Douglas (CLT)
33%
5)Florida (27.76°N )St. Petersburg
30%
3)241'000 (NC)Winston-Salem
30%
4)185'000 (MA)Worcester
30%
3)Texas (27.55°N )Laredo
29%
10)255'000Laredo
29%
4)169'000Vancouver
27%
5)136'000Bellevue
26%
7)-1.06% (LA)Shreveport
26%
5)359'000Aurora (CO)
25%
8)201'000Aurora (IL)
25%
9)284'000Plano
25%
7)107'000Everett
18%
10)93'000Yakima
17%
5)136'000 (UT)West Valley City
16%
6)135'000 (MI)Warren
15%
9)113'000 (CO)Westminster
14%
10)112'000 (UT)West Jordan
13%
8)98'000Renton
9%
9)93'000Federal Way
8%

Score Distribution

Percentile by Number Answered

Percent of People with Each Score

Your Score History

You have not taken this quiz